Statistiken für Tatort-Städte

Klicken Sie hier um das Quiz zu spielen!

Allgemein

  • Dieses Quiz wurde 242 mal gespielt
  • Das Durchschnittsergebnis liegt bei 13 aus 22

Antwortstatistiken

ErmittlerStadt% Korrekt
Batic und LeitmayrMünchen
93%
Ballauf und SchenkKöln
92%
Thiel und BoerneMünster
89%
Tschiller und GümerHamburg
78%
Borowski und BrandtKiel
76%
Faber und BönischDortmund
71%
Eisner und FellnerWien
69%
LindholmHannover
68%
Lannert und BootzStuttgart
68%
Lürsen und StedefreundBremen
67%
Rubin und KarowBerlin
65%
Odenthal und KopperLudwigshafen
64%
Brix und JannekeFrankfurt am Main
55%
Sieland, Gorniak und MohrDresden
54%
Blum und PerlmannKonstanz
49%
Lessing und DornWeimar
48%
MurotWiesbaden
46%
Berg und ToblerFreiburg
40%
Stellbrink und MarxSaarbrücken
40%
Ringelhahn und VossNürnberg
37%
Flücking und RitschardLuzern
32%
Falke und GroszNorddeutschland
21%

Verteilung der Resultate

Perzentil nach korrekt beantworteten Fragen

Anzahl Personen mit jedem Resultat

Ihre Resultats-Entwicklung

Sie haben dieses Quiz noch nicht gespielt